Tarihten günümüze Irak Türkmenleri/ (Record no. 9761)
| 000 -BAŞLIK | |
|---|---|
| Sabit Uzunluktaki Kontrol Alanı | 01947nam a22003257a 4500 |
| 001 - KONTROL NUMARASI | |
| Control Dosyası | 0009789 |
| 003 - KONTROL NUMARASI KİMLİĞİ | |
| Kontrol Alanı | KOHA_MİRAKIL |
| 005 - EN SON İŞLEM TARİHİ ve ZAMANI | |
| Kontrol Alanı | 20260207001721.0 |
| 007 - FİZİKSEL TANIM SABİT ALAN - GENEL BİLGİ | |
| Sabit uzunluklu kontrol alanı | ta |
| 008 - SABİT UZUNLUKTAKİ VERİ ÖGELERİ - GENEL BİLGİ | |
| Sabit Alan | 091026b2007 tu |||gr||||#||||0|tur | |
| 020 ## - ISBN - ULUSLARARASI STANDART KİTAP NUMARASI | |
| Isbn | 9754374554 |
| 040 ## - KATALOGLAMA KAYNAĞI | |
| Özgün Kataloglama Kurumu | TR-BiSEU |
| Kataloglama Dili | tur |
| Çeviri Kurumu | TR-BiSEU |
| Açıklama Kuralları | rda |
| 041 0# - DİL KODU | |
| Metin ya da ses kaydının dil kodu | tur |
| 044 ## - YAYINLAYAN/ÜRETEN KURULUŞUN ÜLKE KODU | |
| ISO country code | tu |
| 050 ## - SINIFLAMA ve YER NUMARASI | |
| Sınıflama Numarası | DS70.8 |
| Yer Numarası | .S23 2007 |
| 100 1# - KİŞİ ADI | |
| Yazar Adı (Kişi adı) | Saatçi, Suphi. |
| 245 1# - ESER ADI BİLDİRİMİ | |
| Başlık | Tarihten günümüze Irak Türkmenleri/ |
| Sorumluluk Bildirimi | Suphi Saatçi ; Suphi Saatçi. |
| 264 #1 - ÜRERİM, YAYIN, DAĞITIM ve TELİF BİLDİRİMİ | |
| Yayın yeri | İstanbul : |
| Yayınlayan | Ötüken |
| Yayın tarihi | 2007 |
| 300 ## - FİZİKSEL TANIMLAMA | |
| Sayfa, Cilt vb. | 283 sayfa |
| 336 ## - İÇERİK TÜRÜ | |
| Content type term | metin |
| Content type code | txt |
| Source | rdacontent |
| 337 ## - MEDYA TÜRÜ | |
| Media type term | aracısız |
| Media type code | n |
| Source | rdamedia |
| 338 ## - TAŞIYICI TÜRÜ | |
| Carrier type term | cilt |
| Carrier type code | nc |
| Source | rdacarrier |
| 490 1# - DİZİ BİLDİRİMİ | |
| Dizi Bildirimi | Ötüken neşriyat ; |
| Cilt Numarası | yayın nu: 547. |
| 490 1# - DİZİ BİLDİRİMİ | |
| Dizi Bildirimi | Edebi eserler dizisi ; |
| Cilt Numarası | 252. |
| 505 ## - İÇİNDEKİLER NOTU | |
| İçindekiler Notu | Irak'ta yüzyıllardan beri varlık gösteren Türkmen toplumu, köklü geçmişine, ülkede bıraktığı zengin tarihî ve kültürel mirasa, günümüzde bile hâlâ canlılığını koruyan gelenek, görenek, folklor ve halk müziği ürünlerine rağmen, bilinçli veya bilinçsiz biçimde gözardı edilmekte, varlıkları yok sayılmak istenmektedir. Yanı başımızda bulunan, bundan 75-80 yıl önce Mardin, Gaziantep veya Şanlıurfa gibi, Anadolu'nun birer şehri olan Musul, Erbil ve Kerkük'te yaşayan Türkler, bin yıldan fazla bir süre Türkiye ile aynı kaderi paylaşmış olmalarına karşın, Türkiye'de dahi yeterince ve doğru biçimde bilinmemektedir. Türkülerini her gün dinlediğimiz bu insanların, yıllardır çektikleri çileleri, yaşadıkları acıları da fazla bildiğimiz söylenemez. Türkmenlerin siyasî tarihlerine ışık tutan, Türkmen toplumun özellikle Birinci Dünya Savaşı'ndan günümüze kadar olan macerasını anlatan bir eser... |
| 650 #0 - KONU BAŞLIĞI EK GİRİŞ - KONU TERİMİ | |
| Konusal terim veya coğrafi ad | Turkmen--Iraq--History. |
| 9 (RLIN) | 24138 |
| 830 1# - SERİ EK GİRİŞİ - TEKBİÇİM ESER ADI | |
| Tekbiçim Başlık | Ötüken neşriyat ; |
| Volume number/sequential designation | yayın nu: 547. |
| 9 (RLIN) | 24139 |
| 830 1# - SERİ EK GİRİŞİ - TEKBİÇİM ESER ADI | |
| Tekbiçim Başlık | Edebi eserler dizisi ; |
| Volume number/sequential designation | 252. |
| 9 (RLIN) | 24140 |
| 942 ## - EK GİRİŞ ÖGELERİ (KOHA) | |
| Source of classification or shelving scheme | Library of Congress Classification |
| Koha item type | Book |
| 505 ## - İÇİNDEKİLER NOTU | |
| -- | |
| Materyal Türü | Kalıcı Konum | Mevcut Konum | Raf Yeri | Sınıflandırma Kaynağı | Edinim Bilgisi | Ana Konular | Alt Konular | Yer Numarası | Demirbaş Numarası | Fatura Tarihi | Maliyet, Alış Fiyatı | Maliyet, Yenileme Fiyatı | Geri Çekilme Durumu | Kayıp Durumu | Hasarlı Durumu | Kredi için değil | Kayıt Tarih | Toplam Ödünçverme | Son Görülme Tarihi | Son Kontrol Tarihi | Genel / Bağış Notu |
|---|---|---|---|---|---|---|---|---|---|---|---|---|---|---|---|---|---|---|---|---|---|
| Book | Prof. Dr. Azmi Özcan Kütüphanesi | Prof. Dr. Azmi Özcan Kütüphanesi | Uluğbey Salonu | Library of Congress Classification | Bağış | DÜNYA TARİHİ (AVRUPA, ASYA, AFRİKA VB.) | Asya | DS70.8 .S23 2007 | 0009789 | 13/08/2010 | 15.00 | 15.00 | 26/10/2009 | 4 | 05/12/2024 | 05/12/2024 | Ötüken Yayınevi |
